LEADER 00873nam a2200217 i 4500 001 000000155665 003 CaOOAMICUS 005 20061116000000.0 008 061116s1944 it u000 u und u 013 $a133019 040 $aSeMil$bita 245 10$aBrevi nozioni di Sacra Liturgia /$cUfficio Catechistico Diocesano, Milano. 260 $aMilano :$bEdizione S.T.E.M.,$c1944. 300 $a252 p. ;$c18 cm. 650 4$aLiturgia - Manuali.$0(OLS)http://semarc/subject/87 710 0 $aArcidiocesi di Milano : Ufficio catechistico diocesano.$0(OLS)http://semarc/name/7692 850 $aSeMil 852 $aSeMil$W1$xVenegono$y1$m3K I 402$j107496$B107496$CSeMilBibl$Z2$F121104 $81 961 $aRecupero: Altro 996 $6245$aBrevi nozioni di Sacra Liturgia$9(OLS)http://semarc/title/228015 996 $6260$aMilano :$bEdizione S.T.E.M.$9(OLS)http://semarc/publisher/46184 LEADER 01338nam a2200301 4500 001 000000337137 003 CaOOAMICUS 005 20200309121043.0 008 191015s2007 it 000 u ita r 020 $a978-88-88747-72-9 040 $aSeMil$bita 100 1 $aDembski, William A.,$d<1960- >.$0(OLS)http://semarc/name/110256 240 10$aIntelligent design.$0(OLS)http://semarc/title/426174 245 10$aIntelligent design :$bil ponte fra scienza e teologia /$cWilliam A. Dembski. 264 1$aCaltanissetta :$bAlfa & Omega,$c2007. 300 $a378 p. ;$c21 cm 490 1 $aLa bussola [Alfa & Omega] 650 4$aFede e scienza.$0(OLS)http://semarc/subject/4337 650 4$aScienza e fede.$0(OLS)http://semarc/subject/1693 650 4$aDisegno intelligente e Creazione.$0(OLS)http://semarc/subject/48824 830 3$aLa bussola.$0(OLS)http://semarc/title/426136 850 $aSeMil 852 $aSeMil$W1$xVenegono$y1$m3X II 74$j219144$B228907$CSeMilBibl$Z2$F228907 $81 961 $aBrambilla don Paolo - Omaggio 996 $6020$a978-88-88747-72-9$9(OLS)http://semarc/number/288850 996 $6245$aIntelligent design :$bil ponte fra scienza e teologia$9(OLS)http://semarc/title/426175 996 $6264$aCaltanissetta :$bAlfa & Omega$9(OLS)http://semarc/publisher/32119